000 00744cam a2200217 a 4500
001 000014247
005 20200929163535.0
008 041222s2004 ir a b 001 0 eng d
020 _a9649449167
040 _aDO-SdBNP
_beng
_cLC
_dBNPHU
050 0 0 _aHC473
_b.M87 2004
082 _ann*
_bnn*
100 1 _aMuridi, Siyavash.
_932166
245 1 4 _aThe book of Iran :
_bthe iranian economy at a glance /
_cSiyavash Moridi ; traducción Mohsen Shojakhani.
260 _aTehran :
_bCenter for International-Cultural Studies,
_c2004.
300 _av, 184 p. :
_bil. ;
_c23 cm.
504 _aIncluye referencias bibliográficas e índice.
651 0 _aIran
_xEconomic Conditions.
_932167
910 _aCatalogación por copia / LC
049 _aBNGR
999 _c13845
_d13845